Practical business planning

Αποθηκεύτηκε σε:
Λεπτομέρειες βιβλιογραφικής εγγραφής
Κύριος συγγραφέας: Chandler, William J., 1932-
Συγγραφή απο Οργανισμό/Αρχή: Institute of Chartered Accountants in England and Wales
Μορφή: Βιβλίο
Γλώσσα:English
Δημοσίευση: London : New York : McGraw-Hill, c1987
Θέματα:
Ετικέτες: Προσθήκη ετικέτας
Δεν υπάρχουν, Καταχωρήστε ετικέτα πρώτοι!

MARC

LEADER 00000cam a2200000 i 4500
001 1/37276
008 960315s1987 eng d
020 |a 0070841721 ((pbk.))  |c Ή12.95 
035 |l 10024647 
040 |a GR-MY-UA  |b gre  |e aacr 
041 0 |a eng 
082 0 |a 658.4012  |2 (19) 
100 1 |a Chandler, William J.,   |d 1932- 
245 1 0 |a Practical business planning /  |c John Chandler 
260 |a London :   |a New York :   |b McGraw-Hill,   |c c1987 
300 |a 210 p.;  |c 23 cm 
500 |a "Published in association with the Institute of Chartered Accountants in England and Wales." 
504 |a Includes bibliographies and index 
650 0 0 |a Business planning. 
650 0 0 |a Managerial accounting. 
710 2 |a Institute of Chartered Accountants in England and Wales. 
852 |a INST  |b CHIOS  |e 19960315  |h 658.4012 CHA  |p 005200004449  |q 005200004449  |t BK  |y 0